000
00321 a2200133 4500
000
nam a22 7a 4500
100
_a
Satish Chandra
110
_a
Satish Chandra
245
_a
India-Pakistan Relations
250
_a
latest edition
260
_b
Pentagon Press
_c
2024
264
_b
Pentagon Press
_c
2024
942
_c
BK
999
_c
395401
_d
395401